Handbook of endocrinology / (Record no. 39640)

MARC details
000 -LEADER
fixed length control field 00675nam a22001937a 4500
005 - DATE AND TIME OF LATEST TRANSACTION
control field 20100806110156.0
010 ## - LCCN (DPL NO)
LC control number ENG-98604
020 ## - INTERNATIONAL STANDARD BOOK NUMBER
International Standard Book Number 9788190715335
Terms of availability 70.00
035 ## - SYSTEM CONTROL NUMBER
System control number EN-82137
037 ## - SOURCE OF ACQUISITION
Source of stock number/acquisition DBAD/PUB
082 ## - DEWEY DECIMAL CLASSIFICATION NUMBER
Classification number 616.4
100 ## - MAIN ENTRY--PERSONAL NAME
Personal name Kavitha,J.
245 ## - TITLE STATEMENT
Title Handbook of endocrinology /
Statement of responsibility, etc by J. Kavitha
260 ## - PUBLICATION, DISTRIBUTION, ETC. (IMPRINT)
Place of publication, distribution, etc Vandavasi
Name of publisher, distributor, etc Thiruvalluvar Publications
Date of publication, distribution, etc 2009
270 ## - ADDRESS
Address Chetput Road
City Arunachal
Postal code 604508
300 ## - PHYSICAL DESCRIPTION
Extent 108p.:
Other physical details ill.
Dimensions 21cm (pbk)
942 ## - ADDED ENTRY ELEMENTS (KOHA)
Source of classification or shelving scheme Dewey Decimal Classification
Item type English Books
Classification part 616.4
Call number suffix KAV
Holdings
Withdrawn status Lost status Not for loan Collection code Home library Current library Date acquired Source of acquisition Cost, normal purchase price Full call number Barcode Copy number Cost, replacement price Koha item type
    Not For Loan Non-fiction D.B.Act.Division D.B.Act.Division 06/08/2010 DBAD/PUB 70.00 616.4 JKV EN-82137 1 70.00 English Books

© Delhi Public Library
Hit Counter
free hit counter